00337nam a2200109Ia 4500008004100000082001000041100003000051245004100081260002300122630004100145730004100186100328s9999 xx 000 0 und d b33494 aगडकर रेचल aडमी (एकांकिका) bत्रिदल aडमी (एकांकिका) aडमी (एकांकिका)